000 01230nam a22003497a 4500
001 BR8102911
003 BR-BrBNA
005 20230928090947.0
007 ta
008 230509b bl.||||| |||| 00| 0 por d
040 _aBR-BrBNA
_bpor
_cBiblioteca Nacional de Agricultura
041 _a(Eng)
072 _aF40
_b/G514
_b/GZ74
090 _ F40 BR8102911
100 1 _aSantos, J.R. dos
100 1 _aCarvalho, V.C.
100 1 _aAoki, H.
110 1 _aInstituto de Pesquisas Espaciais, Sao Jose dos Campos, SP (Brasil)
111 1 _a14. International Symposium on Remote Sensing of Environment
_cSan Jose (Costa Rica)
_d23 Apr 1980
245 1 _aCharacterization of Cerrado vegetation using automatically classified Landsat MSS data [Brasil]
_bINPE-1790-RPE/162
246 1 _aCharacterization of Cerrado vegetation using automatically classified Landsat MSS data [Brazil]
_b[INPE-1790-RPE/162]
260 3 _aSao Jose dos Campos, SP (Brasil):
_c1980.
300 _a12 p.
500 _a7 illus.; Summary (Eng)
650 _aEcologia vegetal
650 _aVegetacao
650 _aSensoriamento remoto
650 _aCerrado
650 _aDistrito Federal
909 _a202309
_bLucia
_c55
_dLucia Elande
942 _cBK
999 _c31469
_d31469